Peasants into Frenchmen : (Record no. 169587)

MARC details
000 -LEADER
fixed length control field 01021nam a2200313 a 4500
001 - CONTROL NUMBER
control field vtls000165566
003 - CONTROL NUMBER IDENTIFIER
control field NLI
005 - DATE AND TIME OF LATEST TRANSACTION
control field 20210602103519.0
008 - FIXED-LENGTH DATA ELEMENTS--GENERAL INFORMATION
fixed length control field 101125s1977 enkb 001 0 eng
020 ## - INTERNATIONAL STANDARD BOOK NUMBER
International Standard Book Number 0701124393 :
Terms of availability USD 17.95
039 #9 - LEVEL OF BIBLIOGRAPHIC CONTROL AND CODING DETAIL [OBSOLETE]
-- 201011251724
-- VLOAD
040 ## - CATALOGING SOURCE
Original cataloging agency NLI
Language of cataloging eng
Transcribing agency Datasoft 1
Description conventions AACR2
041 0# - LANGUAGE CODE
Language code of text/sound track or separate title eng
044 ## - COUNTRY OF PUBLISHING/PRODUCING ENTITY CODE
MARC country code enk
082 04 - DEWEY DECIMAL CLASSIFICATION NUMBER
Classification number 301.350944
100 1# - MAIN ENTRY--PERSONAL NAME
Personal name Weber, Eugen,
Dates associated with a name 1925-2007
9 (RLIN) 321334
245 10 - TITLE STATEMENT
Title Peasants into Frenchmen :
Remainder of title the modernization of rural France, 1870-1914 /
Statement of responsibility, etc. Eugen Weber
260 ## - PUBLICATION, DISTRIBUTION, ETC.
Place of publication, distribution, etc. London :
Name of publisher, distributor, etc. Chatto and Windus,
Date of publication, distribution, etc. 1977
300 ## - PHYSICAL DESCRIPTION
Extent xv, 615 p. :
Other physical details maps ;
Dimensions 25 cm.
504 ## - BIBLIOGRAPHY, ETC. NOTE
Bibliography, etc. note Includes bibliographical references and index
650 #0 - SUBJECT ADDED ENTRY--TOPICAL TERM
Topical term or geographic name entry element Peasants
Geographic subdivision France
General subdivision History
9 (RLIN) 304770
651 #0 - SUBJECT ADDED ENTRY--GEOGRAPHIC NAME
Geographic name France
General subdivision Rural conditions
9 (RLIN) 265845
651 #0 - SUBJECT ADDED ENTRY--GEOGRAPHIC NAME
Geographic name France
General subdivision Social conditions
Chronological subdivision 19th century
9 (RLIN) 249870
887 ## - NON-MARC INFORMATION FIELD
Content of non-MARC field
901 ## - LOCAL DATA ELEMENT A, LDA (RLIN)
a 456781
b 20.12.1979
902 ## - LOCAL DATA ELEMENT B, LDB (RLIN)
a E 301.350944 W 388
942 ## - ADDED ENTRY ELEMENTS (KOHA)
Source of classification or shelving scheme Dewey Decimal Classification
Koha item type Books
949 ## - LOCAL PROCESSING INFORMATION (OCLC)
-- VIRTUAITEM
-- 10000
-- 100
6 PUR000456781ENG
Holdings
Withdrawn status Lost status Damaged status Not for loan Collection code Home library Current library Shelving location Date acquired Total Checkouts Full call number Barcode Date last seen Price effective from Koha item type
        New English National Library of India National Library of India New English - Main Stack Division     E 301.350944 W 388 PUR000456781ENG 02/06/2021 02/06/2021 Books
                                                                           
web counter

Copyright ©2020 The National Library of India, Govt. of India ↔ Hosted by NVLI, MOC ↔ Technology and Design by National Library of India, Ministry of Culture, Govt. of India